000 00732nam a2200205 a 4500
003 OSt
005 20131010185726.0
008 131010s2003 ag ||||| |||| 10| 0 spa d
040 _cBiblioteca Medicina
041 _aspa
082 _bCONGRESOS 019
111 2 _aAcademia de Ciencias Medicas de Cordoba
_92700
245 0 0 _aSesion solemne de la Academia de Ciencias Medicas de Cordoba
260 _aCordoba
_bAcademia de CIencias Medicas de Cordoba
_c2003
300 _a16 p.
518 _aCordoba, Argentina. 13 de Noviembre de 2003
653 _aACADEMIA DE CIENCIAS MEDICAS DE CORDOBA-SESION-2003
942 _2ddc
_cPH
999 _c1792
_d1792
952 _40
_00
_bBFM
_10
_oCONGRESOS 019
_d2013-10-10
_tEj. 1
_8NFIC
_70
_cCR
_2ddc
_yPH
_aBFM